Futurama Trivia #3 - Statistics

General Stats
  • This quiz has been taken 189 times
  • The average score is 11 of 20
Answer Stats
Hint Answer % Correct
The new Planet Express crew's first delivery is to a theme park on which celestial body? The Moon
97%
Zoidberg is a doctor specialising in what species? Humans
75%
At what university does Fry study The Mathematics of Quantum Neutrino Fields? Mars University
75%
After being trained by Helmut Spargle who does Bender compete against on the TV programme Iron Cook? Elzar
73%
Who spends most of the year living in his Death Fortress on Neptune? Robot Santa Claus
69%
The price of which metal skyrockets after the collapse of a mine on Titan prompting Bender to pawn his body? Titanium
68%
In 'The Day the Earth Stood Stupid' where does Fry go to locate the giant brain spawn? New New York Public Library
64%
People are labeled as job deserters if they remove what implanted device? Career chip
60%
What are the giant beetles with cowskin-coloured shells that roam Mars called? Buggalo
58%
What is the name of the ship captained by Zapp Brannigan? The Nimbus
55%
What does Hermes spend his $300 tax rebate on in 'Three Hundred Big Boys'? Bamboo Boogie Boots
54%
In 'Bendin' in the Wind' Bender becomes a folk singer and goes on tour with which American singer-songwriter? Beck
54%
The Scary Door, a science-fiction horror programme, is a 31st century spoof of what TV show? The Twilight Zone
54%
What weapon does Fry use to fight Dr. Zoidberg in Claw-Plach? Nutcracker
50%
Fry's entry for the 1988 Nerd Search Science Competition involved infecting what animal with the common cold and then sending it into space? Guinea pig
49%
What alias does Fry use when he joins The New Justice Team? Captain Yesterday
41%
What food product has slogans including "Now with flavor!" and "Makes its own gravy!"? Bachelor Chow
37%
Who is the first head in a jar to be seen on Futurama? Leonard Nimoy
36%
In 'The Late Philip J. Fry' where does Leela leave a message in stalagmites for Fry to see in the future? Cavern on the Green
34%
Who provides the voice of Marianne, Zoidberg's girlfriend, in 'Stench and Stenchibility'? Emilia Clarke
16%
No matching quizzes found
Score Distribution
Percent of People with Each Score
Percentile by Number Answered
Your Score History
You have not taken this quiz